000 00900nam a2200313Ia 4500
008 170203s9999 xx 000 0 und d
020 _a0-060595108
050 _aFic
050 _bM5986n
100 _aMetz, Melinda.
245 4 _aThe case of the dog show mystery /
245 _cby Melinda Metz.
260 _aNew York :
260 _bHarperEntertainment,
260 _c2004
300 _a85 pages :
300 _billustrations ;
300 _c20 cm.
440 _aNew adventures of Mary-Kate & Ashley.
500 _a "A Parachute Press book." ;Includes two detachable "Detective trick" cards.
650 _aDog shows --
650 _aOlsen, Ashley, -- 1986- --
650 _aOlsen, Mary-Kate, -- 1986- --
650 _aPet theft --
650 _xJuvenile fiction.
650 _xJuvenile fiction.
650 _xJuvenile fiction.
650 _xJuvenile fiction.
999 _c306646
_d306646